<?xml version="1.0" encoding="UTF-8"?>
<record
    xmlns:xsi="http://www.w3.org/2001/XMLSchema-instance"
    xsi:schemaLocation="http://www.loc.gov/MARC21/slim http://www.loc.gov/standards/marcxml/schema/MARC21slim.xsd"
    xmlns="http://www.loc.gov/MARC21/slim">

  <leader>01223nam a22002657a 4500</leader>
  <controlfield tag="005">20240530110606.0</controlfield>
  <controlfield tag="008">161106s2015    ua a   g b    000 0 ara d</controlfield>
  <datafield tag="017" ind1=" " ind2=" ">
    <subfield code="a">2015/4103</subfield>
    <subfield code="b">&#x645;&#x635;&#x631;. &#x62F;&#x627;&#x631; &#x627;&#x644;&#x643;&#x62A;&#x628;</subfield>
  </datafield>
  <datafield tag="020" ind1=" " ind2=" ">
    <subfield code="a">9789770529669</subfield>
  </datafield>
  <datafield tag="040" ind1=" " ind2=" ">
    <subfield code="a">EG-CaGPL</subfield>
    <subfield code="c">EG-CaGPL</subfield>
  </datafield>
  <datafield tag="082" ind1=" " ind2=" ">
    <subfield code="2">21</subfield>
    <subfield code="a">616.89\</subfield>
    <subfield code="b">&#x645; &#x62A;</subfield>
  </datafield>
  <datafield tag="100" ind1="0" ind2=" ">
    <subfield code="a">&#x645;&#x62D;&#x645;&#x62F; &#x627;&#x62D;&#x645;&#x62F; &#x634;&#x644;&#x628;&#x649;</subfield>
  </datafield>
  <datafield tag="245" ind1="1" ind2="0">
    <subfield code="a">&#x62A;&#x634;&#x62E;&#x64A;&#x635; &#x627;&#x644;&#x627;&#x645;&#x631;&#x627;&#x636; &#x627;&#x644;&#x646;&#x641;&#x633;&#x64A;&#x629; &#x644;&#x644;&#x631;&#x627;&#x634;&#x62F;&#x64A;&#x646; &#x645;&#x633;&#x62A;&#x645;&#x62F; &#x645;&#x646; DSM - 4 and DSM - 5  :</subfield>
    <subfield code="b">&#x646;&#x638;&#x631;&#x629; &#x646;&#x642;&#x62F;&#x64A;&#x629; /</subfield>
    <subfield code="c">&#x645;&#x62D;&#x645;&#x62F; &#x627;&#x62D;&#x645;&#x62F; &#x634;&#x644;&#x628;&#x649; &#x60C; &#x645;&#x62D;&#x645;&#x62F; &#x627;&#x628;&#x631;&#x627;&#x647;&#x64A;&#x645; &#x627;&#x644;&#x62F;&#x633;&#x648;&#x642;&#x649; &#x60C; &#x632;&#x64A;&#x632;&#x649; &#x627;&#x644;&#x633;&#x64A;&#x62F; &#x627;&#x628;&#x631;&#x627;&#x647;&#x64A;&#x645; </subfield>
  </datafield>
  <datafield tag="260" ind1=" " ind2=" ">
    <subfield code="a">&#x627;&#x644;&#x642;&#x627;&#x647;&#x631;&#x629; : </subfield>
    <subfield code="b">&#x645;&#x643;&#x62A;&#x628;&#x629; &#x627;&#x644;&#x627;&#x646;&#x62C;&#x644;&#x648; &#x627;&#x644;&#x645;&#x635;&#x631;&#x64A;&#x629; &#x60C;</subfield>
    <subfield code="c">2015 .</subfield>
  </datafield>
  <datafield tag="300" ind1=" " ind2=" ">
    <subfield code="a">167 &#x635;. &#x61B;</subfield>
    <subfield code="c">24 &#x633;&#x645; .</subfield>
  </datafield>
  <datafield tag="504" ind1=" " ind2=" ">
    <subfield code="a">&#x64A;&#x634;&#x62A;&#x645;&#x644; &#x639;&#x644;&#x649; &#x627;&#x631;&#x62C;&#x627;&#x639;&#x627;&#x62A; &#x628;&#x628;&#x644;&#x64A;&#x648;&#x62C;&#x631;&#x627;&#x641;&#x64A;&#x629;</subfield>
  </datafield>
  <datafield tag="650" ind1="0" ind2="7">
    <subfield code="2">qrmak</subfield>
    <subfield code="a">&#x627;&#x644;&#x633;&#x644;&#x648;&#x643;</subfield>
    <subfield code="x">&#x627;&#x646;&#x62D;&#x631;&#x627;&#x641;</subfield>
  </datafield>
  <datafield tag="650" ind1="0" ind2="7">
    <subfield code="2">qrmak</subfield>
    <subfield code="a">&#x627;&#x644;&#x627;&#x636;&#x637;&#x631;&#x627;&#x628; &#x627;&#x644;&#x62C;&#x646;&#x633;&#x649;</subfield>
  </datafield>
  <datafield tag="650" ind1="0" ind2="7">
    <subfield code="2">qrmak</subfield>
    <subfield code="a">&#x627;&#x644;&#x627;&#x636;&#x637;&#x631;&#x627;&#x628;&#x627;&#x62A; &#x627;&#x644;&#x639;&#x635;&#x628;&#x64A;&#x629;</subfield>
  </datafield>
  <datafield tag="650" ind1="0" ind2="7">
    <subfield code="2">qrmak</subfield>
    <subfield code="a">&#x627;&#x644;&#x627;&#x636;&#x637;&#x631;&#x627;&#x628;&#x627;&#x62A; &#x627;&#x644;&#x646;&#x641;&#x633;&#x64A;&#x629;</subfield>
  </datafield>
  <datafield tag="700" ind1="0" ind2=" ">
    <subfield code="a">&#x645;&#x62D;&#x645;&#x62F; &#x627;&#x628;&#x631;&#x627;&#x647;&#x64A;&#x645; &#x627;&#x644;&#x62F;&#x633;&#x648;&#x642;&#x649;</subfield>
    <subfield code="e">&#x645;&#x624;&#x644;&#x641; &#x645;&#x634;&#x627;&#x631;&#x643;</subfield>
  </datafield>
  <datafield tag="700" ind1="0" ind2=" ">
    <subfield code="a">&#x632;&#x64A;&#x632;&#x649; &#x627;&#x644;&#x633;&#x64A;&#x62F; &#x627;&#x628;&#x631;&#x627;&#x647;&#x64A;&#x645; </subfield>
    <subfield code="e">&#x645;&#x624;&#x644;&#x641; &#x645;&#x634;&#x627;&#x631;&#x643;</subfield>
  </datafield>
  <datafield tag="942" ind1=" " ind2=" ">
    <subfield code="2">ddc</subfield>
    <subfield code="c">BK</subfield>
  </datafield>
  <datafield tag="999" ind1=" " ind2=" ">
    <subfield code="c">62766</subfield>
    <subfield code="d">62766</subfield>
  </datafield>
  <datafield tag="952" ind1=" " ind2=" ">
    <subfield code="0">0</subfield>
    <subfield code="1">0</subfield>
    <subfield code="4">0</subfield>
    <subfield code="7">0</subfield>
    <subfield code="a">CAI</subfield>
    <subfield code="b">CAI</subfield>
    <subfield code="c">TECHNOLOGY-LIBRARY</subfield>
    <subfield code="d">2016-11-06</subfield>
    <subfield code="l">0</subfield>
    <subfield code="o">616.89\ &#x645; &#x62A;</subfield>
    <subfield code="p">162620</subfield>
    <subfield code="r">2016-11-06 00:00:00</subfield>
    <subfield code="w">2016-11-06</subfield>
    <subfield code="y">BK</subfield>
  </datafield>
</record>
